00903cam a22003011a 4500001001300000003000400013005001700017008004100034010001700075035002000092040004700112042001200159043001200171050002400183070002500207072000900232082002100241100002600262245005500288260008900343300003900432490001700471500001700488504004100505650001900546830001900565999001700584agr67000253 DLC20260227111026.0860225s1967 dcuab b f000 0 eng c aagr67000253  a(OCoLC)13193296 aU.S. Nat'l Agr. Libr.cNhDdNhDdDNALdDLC apremarc ae-fr---00aS21b.Z2383 no. 1890 aA281.9bF76Fm no.1890 aS200 a338.1/7/422094471 aMehr, Stanley,d1918-14aThe prune industry of France /c[by Stanley Mehr]. aWashington, D.C. :bU.S. Dept. of Agricultural, Foreign Agricultural Service,c1967. aiv, 32 p. :bill., 1 map ;c26 cm.1 aFAS-M ;v189 aCover title. aIncludes bibliographical references. 0aPrunezFrance. 0aFAS M. ;v189. c12226d12226